000 00699nam a2200217Ia 4500
003 GCL
008 140319s9999 xx 000 0 ara d
040 _aGCL /
_cGCL
082 0 4 _a811.5
_bهـ د
100 1 _aابن هانى الاندلسى، محمد بن هانى
245 1 0 _aديوان ابن هانى الاندلسى /
_cابن هانى الاندلسى، محمد بن هانى
260 _a[S.N] :
_bدار صادر ،
_c1994
300 _a391
490 _a
650 0 4 _aالشعر العربى
650 0 4 _aالادب العربى
650 0 4 _aدواوين وقصائد
650 0 4 _aابن هانى الاندلسى
650 0 4 _aتاريخ ونقد
942 _2ddc
_cBK
999 _c31324
_d31324